000
00313pam a2200145 a 4500
020
_c
041
_a
eng
100
_a
Lippmon.
245
_a
Inside The C++ Object Model
_h
Textual Documents
250
_a
1996.
260
_a
[s.l]:
_b
Addiison Wesley
300
_a
280p.
700
_a
Stanley.B.
930
_a
12286
999
_c
89189
_d
89189